Yüklüyor......

Indian economic planning : three decades of development /

Detaylı Bibliyografya
Yazar: Uppal, J. S.
Materyal Türü: Printed Book
Dil:English
Baskı/Yayın Bilgisi: Madras : Macmillan, 1992
LEADER 00548nam a22001577a 4500
003 OSt
005 20200624134513.0
008 150926b xxu||||| |||| 00| 0 eng d
082 |a 338.954 UPP/I 
100 |a Uppal, J. S. 
245 |a Indian economic planning :   |b three decades of development /  |c J. S. Uppal 
260 |a Madras :  |b Macmillan,  |c 1992 
300 |a 140p. 
942 |2 ddc  |c BK 
999 |c 322200  |d 322200 
952 |0 0  |1 0  |2 ddc  |4 0  |6 338_954000000000000_UPP_I  |7 0  |9 368645  |a CSC  |b CSC  |c ST1  |d 2015-09-26  |i 6861  |l 0  |o 338.954 UPP/I  |p CSC6861  |r 2015-09-26  |w 2015-09-26  |y BK